[Event "Timbo U2400 op"]
[Site "Timbo"]
[Date "2025.02.15"]
[Round "4"]
[White "Saiz Rodriguez, Daniel Evelio"]
[Black "Kanzler, Karina Daniela Ferr"]
[Result "1-0"]
[WhiteElo "2177"]
[BlackElo "1867"]
[PlyCount "82"]
[EventDate "2025.02.14"]
[EventType "swiss"]
[EventRounds "6"]
[EventCountry "BRA"]
[SourceTitle "CB10_2025"]
[SourceDate "2025.03.05"]
[SourceVersion "1"]
[SourceVersionDate "2025.03.05"]
[SourceQuality "1"]

1. e4 c5 2. Nf3 d6 3. d4 cxd4 4. Nxd4 Nf6 5. Nc3 Nc6 6. Nd5 a6 7. Nxf6+ gxf6 8. Be3 f5 9. exf5 Bxf5 10. Nxf5 Qa5+ 11. c3 Qxf5 12. Qb3 Rb8 13. Qb6 Qd7 14. 0-0-0 Bg7 15. h4 0-0 16. Kb1 Rfc8 17. f4 Qg4 18. Bd3 Nd8 19. Qb4 f5 20. Ba7 Ra8 21. Bd4 e5 22. Bb6 Kh8 23. Qxd6 e4 24. Bc2 Nc6 25. h5 Rf8 26. h6 Bf6 27. Qd7 Qg6 28. Bb3 e3 29. Bxe3 Rad8 30. Qxb7 Qxg2 31. Rxd8 Qxh1+ 32. Rd1 Qe4+ 33. Ka1 Qxe3 34. Qxc6 Be7 35. Qe6 Bc5 36. a3 Qxf4 37. Qxa6 Qb8 38. Qc4 Be7 39. Qe6 Bc5 40. Rd7 Qf4 41. Rg7 Ra8 1-0

[Event "Florianopolis op 11th"]
[Site "Florianopolis"]
[Date "2025.01.25"]
[Round "9"]
[White "Fujihara, Anderson Akira"]
[Black "Kanzler, Karina Daniela Ferr"]
[Result "0-1"]
[WhiteElo "1690"]
[BlackElo "1869"]
[PlyCount "62"]
[EventDate "2025.01.18"]
[EventType "swiss"]
[EventRounds "10"]
[EventCountry "BRA"]
[SourceTitle "CB05_2025"]
[SourceDate "2025.01.29"]
[SourceVersion "1"]
[SourceVersionDate "2025.01.29"]
[SourceQuality "1"]

1. d4 f5 2. c4 Nf6 3. Nc3 e6 4. a3 Be7 5. Bf4 0-0 6. e3 b6 7. Nf3 Bb7 8. h3 d6 9. b4 Nbd7 10. d5 e5 11. Bg3 Re8 12. Be2 Nf8 13. 0-0 Ng6 14. Ng5 Bc8 15. f4 e4 16. Nb5 Nf8 17. h4 a6 18. Nd4 Ng4 19. Bxg4 fxg4 20. Qc2 Bd7 21. Be1 h6 22. Nxe4 Bxh4 23. g3 Bf6 24. Bc3 Bxd4 25. Bxd4 Bf5 26. Qc3 Bxe4 27. Bxg7 h5 28. Bh6 Qe7 29. Rf2 Nh7 30. Rh2 Bg6 31. Re1 Qf6 0-1

[Event "Florianopolis op 11th"]
[Site "Florianopolis"]
[Date "2025.01.23"]
[Round "7"]
[White "Kanzler, Karina Daniela Ferr"]
[Black "Oliveira, Andre Pereira Marti"]
[Result "1-0"]
[WhiteElo "1869"]
[BlackElo "1664"]
[PlyCount "57"]
[EventDate "2025.01.18"]
[EventType "swiss"]
[EventRounds "10"]
[EventCountry "BRA"]
[SourceTitle "CB05_2025"]
[SourceDate "2025.01.29"]
[SourceVersion "1"]
[SourceVersionDate "2025.01.29"]
[SourceQuality "1"]

1. f4 Nf6 2. Nf3 g6 3. Nc3 d5 4. e3 Bg7 5. d4 0-0 6. Bd3 b6 7. 0-0 Ba6 8. Ne5 c5 9. dxc5 Bxd3 10. Nxd3 bxc5 11. Nxc5 Qd6 12. Nb3 Rd8 13. Qf3 Nc6 14. a3 e5 15. Rd1 Rac8 16. Bd2 a5 17. Be1 a4 18. Nxa4 d4 19. Nac5 e4 20. Qh3 Qe7 21. Bh4 Na5 22. exd4 Nc4 23. Qc3 Nd5 24. Bxe7 Nxc3 25. bxc3 Re8 26. Bh4 Bh6 27. Re1 e3 28. Nd7 Re6 29. Nbc5 1-0

[Event "Florianopolis op 11th"]
[Site "Florianopolis"]
[Date "2025.01.22"]
[Round "6"]
[White "Louis, Caitlyn"]
[Black "Kanzler, Karina Daniela Ferr"]
[Result "1-0"]
[WhiteElo "2121"]
[BlackElo "1869"]
[PlyCount "104"]
[EventDate "2025.01.18"]
[EventType "swiss"]
[EventRounds "10"]
[EventCountry "BRA"]
[SourceTitle "CB05_2025"]
[SourceDate "2025.01.29"]
[SourceVersion "1"]
[SourceVersionDate "2025.01.29"]
[SourceQuality "1"]

1. f4 d5 2. Nf3 Nf6 3. g3 g6 4. Bg2 Bg7 5. 0-0 c5 6. d3 0-0 7. Qe1 Bg4 8. e4 Nc6 9. e5 Nd7 10. h3 Bxf3 11. Bxf3 Nd4 12. Bd1 e6 13. c3 Nf5 14. Nd2 b5 15. Nf3 Nb6 16. g4 Ne7 17. d4 c4 18. Qg3 a5 19. Bc2 Qd7 20. h4 Rfb8 21. h5 Kf8 22. hxg6 hxg6 23. f5 exf5 24. gxf5 Nxf5 25. Bxf5 gxf5 26. Nh4 Qe6 27. Nxf5 Qg6 28. Bg5 Nc8 29. e6 Rb7 30. Rae1 Ra6 31. Nh4 Qd3 32. Re3 Qc2 33. Qf4 Nd6 34. Qf3 Qh7 35. Qxd5 f6 36. Bf4 Qxh4 37. Bxd6+ Rxd6 38. Qxb7 Qg4+ 39. Kf2 Qf4+ 40. Ke2 Qg4+ 41. Ke1 Rxe6 42. Qc8+ Ke7 43. Rxe6+ Qxe6+ 44. Qxe6+ Kxe6 45. Ke2 b4 46. Kf3 Bf8 47. Ke4 a4 48. d5+ Kf7 49. Kd4 bxc3 50. bxc3 Bd6 51. Rb1 f5 52. Rb7+ Kf6 1-0

[Event "Florianopolis op 11th"]
[Site "Florianopolis"]
[Date "2025.01.21"]
[Round "5"]
[White "Kanzler, Karina Daniela Ferr"]
[Black "De Castro, Victor Hugo Nogueir"]
[Result "1-0"]
[WhiteElo "1869"]
[BlackElo "1629"]
[PlyCount "79"]
[EventDate "2025.01.18"]
[EventType "swiss"]
[EventRounds "10"]
[EventCountry "BRA"]
[SourceTitle "CB05_2025"]
[SourceDate "2025.01.29"]
[SourceVersion "1"]
[SourceVersionDate "2025.01.29"]
[SourceQuality "1"]

1. Nf3 c6 2. b3 d5 3. Bb2 Nf6 4. e3 Bg4 5. Be2 e6 6. h3 Bxf3 7. Bxf3 Be7 8. d3 0-0 9. Nd2 Nbd7 10. 0-0 a5 11. a4 Rb8 12. Qe2 Qc7 13. Rfe1 e5 14. e4 Bd6 15. Nf1 Rfe8 16. Ng3 g6 17. Bc1 Bb4 18. Rd1 d4 19. Bg5 Kg7 20. h4 h6 21. Bc1 Nh7 22. Bg4 Ndf6 23. h5 Nxg4 24. Qxg4 Qc8 25. Nf5+ Kh8 26. hxg6 fxg6 27. Qxg6 Rg8 28. Qxh6 Bf8 29. Qh4 Qe6 30. Bh6 Bxh6 31. Qxh6 Rg6 32. Qh4 Rbg8 33. g3 Rg4 34. Qe7 Qg6 35. Qxe5+ Nf6 36. Kg2 Rg5 37. Rh1+ Rh5 38. Rxh5+ Qxh5 39. Qxf6+ Kh7 40. Rh1 1-0

[Event "Florianopolis op 11th"]
[Site "Florianopolis"]
[Date "2025.01.19"]
[Round "2"]
[White "Zampronha, Wladimir Camilo"]
[Black "Kanzler, Karina Daniela Ferr"]
[Result "1-0"]
[WhiteElo "2126"]
[BlackElo "1869"]
[PlyCount "48"]
[EventDate "2025.01.18"]
[EventType "swiss"]
[EventRounds "10"]
[EventCountry "BRA"]
[SourceTitle "CB05_2025"]
[SourceDate "2025.01.29"]
[SourceVersion "1"]
[SourceVersionDate "2025.01.29"]
[SourceQuality "1"]

1. e4 d6 2. d4 Nf6 3. Nc3 g6 4. Bg5 Bg7 5. f4 Bg4 6. Qd2 c6 7. h3 Be6 8. g4 Qa5 9. f5 Bd7 10. Nf3 b5 11. Bd3 b4 12. Ne2 c5 13. e5 Nd5 14. exd6 exd6 15. Be4 Bc6 16. Bxd5 Bxd5 17. Qe3+ Kd7 18. Qe7+ Kc6 19. f6 Bxf3 20. fxg7 Rg8 21. Rf1 Bxe2 22. d5+ Kb5 23. Qxe2+ c4 24. Rxf7 Qb6 1-0

[Event "Londrina op"]
[Site "Londrina"]
[Date "2024.11.09"]
[Round "4"]
[White "Kanzler, Karina Daniela Ferr"]
[Black "Costa, Tiago De Souza"]
[Result "1-0"]
[WhiteElo "1857"]
[BlackElo "1721"]
[PlyCount "139"]
[EventDate "2024.11.08"]
[EventType "swiss"]
[EventRounds "6"]
[EventCountry "BRA"]
[SourceTitle "CB45_2024"]
[Source "ChessBase"]
[SourceDate "2024.11.06"]
[SourceVersion "1"]
[SourceVersionDate "2024.11.06"]
[SourceQuality "1"]

1. Nf3 c5 2. b3 d5 3. Bb2 Nf6 4. e3 e6 5. Be2 g6 6. d3 Bg7 7. Nbd2 Nc6 8. 0-0 0-0 9. a3 Qc7 10. e4 b6 11. Re1 Bb7 12. Bf1 d4 13. Rb1 a5 14. a4 Ng4 15. h3 Nge5 16. Nc4 Nxc4 17. bxc4 e5 18. Bc1 Ne7 19. Bd2 f5 20. Ng5 Qc6 21. exf5 Nxf5 22. Ne4 Nd6 23. Nxd6 Qxd6 24. f3 Bf6 25. Bh6 Rf7 26. Qe2 Re8 27. Bd2 Bh4 28. Rec1 Rfe7 29. Rb2 Bg3 30. Rcb1 Re6 31. Bxa5 bxa5 32. Rxb7 Bf4 33. R1b5 Be3+ 34. Kh1 e4 35. Qe1 exf3 36. Qh4 fxg2+ 37. Bxg2 R6e7 38. Bd5+ Kg7 39. Rxe7+ Rxe7 40. Rb1 Qf6 41. Qxf6+ Kxf6 42. Rb5 Bd2 43. Rxc5 Kg5 44. Be4+ Kh4 45. Kg2 Rf7 46. Rd5 Be3 47. Bf3 g5 48. c5 h5 49. Rd8 g4 50. hxg4 hxg4 51. Rh8+ Kg5 52. Rg8+ Kf6 53. Rxg4 Rg7 54. Rxg7 Kxg7 55. Bd5 Kf6 56. Kf3 Ke5 57. Bb7 Ke6 58. Ke4 Bg1 59. Bc8+ Ke7 60. Kd5 Kd8 61. Bf5 Kc7 62. c3 dxc3 63. d4 Be3 64. Kc4 Bd2 65. d5 Be1 66. Kb5 Bf2 67. d6+ Kd8 68. c6 Bb6 69. Kxb6 c2 70. Bxc2 1-0

[Event "Pan American-ch U2000"]
[Site "Balneario Camboriu"]
[Date "2024.09.29"]
[Round "9"]
[White "Jorge, Denrick Cabral Jose"]
[Black "Kanzler, Karina Daniela Ferr"]
[Result "1/2-1/2"]
[WhiteElo "1930"]
[BlackElo "1874"]
[PlyCount "136"]
[EventDate "2024.09.24"]
[EventType "swiss"]
[EventRounds "9"]
[EventCountry "BRA"]
[SourceTitle "EXT 2025"]
[Source "ChessBase"]
[SourceDate "2024.10.14"]
[SourceVersion "1"]
[SourceVersionDate "2024.10.14"]
[SourceQuality "1"]

1. e4 e6 2. d4 d5 3. Nc3 dxe4 4. Nxe4 Nf6 5. Bg5 Be7 6. Bxf6 Bxf6 7. Nf3 b6 8. Bd3 Bb7 9. c3 Nd7 10. Qe2 a5 11. h4 Qe7 12. g4 g6 13. Nxf6+ Nxf6 14. Rg1 0-0-0 15. Ba6 h5 16. Ne5 Rd6 17. Qf3 Nd5 18. Bxb7+ Kxb7 19. Nxf7 Rf8 20. Nxd6+ Qxd6 21. Qg3 Nf4 22. Qe3 Qd5 23. f3 Qb5 24. b3 Kb8 25. gxh5 gxh5 26. Rg5 Qc6 27. Kd2 Qd6 28. a4 Nd5 29. Qd3 Qf4+ 30. Kc2 Qxh4 31. Rag1 Qf2+ 32. Qd2 Qxf3 33. Rg8 Rxg8 34. Rxg8+ Kb7 35. c4 Nb4+ 36. Kb2 Nd3+ 37. Ka3 h4 38. Qg2 Qxg2 39. Rxg2 Ne1 40. Rg4 h3 41. Rh4 Nf3 42. Rxh3 Nxd4 43. Kb2 Kc6 44. Rh5 Kd6 45. Kc3 Ne2+ 46. Kb2 e5 47. Rh6+ Kc5 48. Re6 Kd4 49. Rc6 e4 50. Rxc7 Kd3 51. c5 bxc5 52. Rxc5 Nd4 53. Rxa5 e3 54. Re5 e2 55. a5 Kd2 56. a6 Nc6 57. Re8 Na7 58. b4 Nb5 59. Kb3 Nc7 60. Rxe2+ Kxe2 61. a7 Kd3 62. b5 Na8 63. Kb4 Kd4 64. b6 Nxb6 65. Kb5 Na8 66. Kc6 Ke5 67. Kb7 Kd6 68. Kxa8 Kc7 1/2-1/2

[Event "Pan American-ch U2000"]
[Site "Balneario Camboriu"]
[Date "2024.09.27"]
[Round "5"]
[White "Bastos, Danillo Alves"]
[Black "Kanzler, Karina Daniela Ferr"]
[Result "1-0"]
[WhiteElo "1782"]
[BlackElo "1874"]
[PlyCount "85"]
[EventDate "2024.09.24"]
[EventType "swiss"]
[EventRounds "9"]
[EventCountry "BRA"]
[SourceTitle "EXT 2025"]
[Source "ChessBase"]
[SourceDate "2024.10.14"]
[SourceVersion "1"]
[SourceVersionDate "2024.10.14"]
[SourceQuality "1"]

1. d4 Nf6 2. c4 e6 3. Nf3 d5 4. g3 Bb4+ 5. Nbd2 0-0 6. Bg2 dxc4 7. 0-0 c3 8. bxc3 Bxc3 9. Rb1 Bxd4 10. Ba3 Re8 11. Qc2 Bb6 12. Rfd1 Qd5 13. Nc4 Qh5 14. Nfe5 Nbd7 15. Bf3 Qh6 16. Bc1 Qh3 17. Bg2 Qh5 18. Bf3 Bxf2+ 19. Kg2 Qf5 20. e4 Nxe4 21. Bxe4 Qf6 22. Qxf2 Nxe5 23. Qxf6 gxf6 24. Nxe5 fxe5 25. Bg5 c6 26. Bf6 a5 27. Rd6 Rb8 28. Rbd1 b5 29. Bxc6 Bb7 30. Bxb7 Rxb7 31. Rd8 Rb8 32. Rxb8 Rxb8 33. Rd8+ Rxd8 34. Bxd8 a4 35. Bf6 Kf8 36. a3 Ke8 37. Kf3 Kd7 38. Ke4 Kd6 39. Bxe5+ Kc5 40. Bf6 Kc4 41. Be7 Kc3 42. Bb4+ Kc4 43. g4 1-0

[Event "Niteroi op 4th"]
[Site "Niteroi"]
[Date "2024.08.31"]
[Round "5"]
[White "Kanzler, Karina Daniela Ferr"]
[Black "Santos, Valentim Do Carmo R"]
[Result "1/2-1/2"]
[WhiteElo "1874"]
[BlackElo "1800"]
[PlyCount "94"]
[EventDate "2024.08.28"]
[EventType "swiss"]
[EventRounds "7"]
[EventCountry "BRA"]
[SourceTitle "CBM 221 Extra"]
[Source "ChessBase"]
[SourceDate "2024.09.30"]
[SourceVersion "1"]
[SourceVersionDate "2024.09.30"]
[SourceQuality "1"]

1. Nf3 d5 2. b3 Bg4 3. Ne5 h5 4. h3 Bf5 5. Bb2 e6 6. e3 Nf6 7. Be2 h4 8. d3 Bb4+ 9. Nd2 Nbd7 10. a3 Bd6 11. Ndf3 c6 12. Nxd7 Qxd7 13. Qd2 0-0-0 14. Qa5 Bb8 15. Qa4 c5 16. Qa5 Qc7 17. Qd2 Ne4 18. dxe4 dxe4 19. Qc3 exf3 20. Bxf3 f6 21. Rd1 Rxd1+ 22. Kxd1 e5 23. Ke1 e4 24. Bg4 Bxg4 25. hxg4 b6 26. Qc4 Qe7 27. Qa6+ Qb7 28. Qc4 Qe7 29. Qa6+ Qb7 30. Qxb7+ Kxb7 31. g5 Be5 32. Bxe5 fxe5 33. Kd2 Kc6 34. Ke2 Rh5 35. f4 Kd6 36. g4 Rh8 37. f5 b5 38. Rd1+ Kc6 39. Kf2 a5 40. Kg2 c4 41. Kh3 c3 42. f6 g6 43. Rf1 Kd7 44. a4 b4 45. f7 Ke7 46. f8Q+ Rxf8 47. Rxf8 Kxf8 1/2-1/2

[Event "Niteroi op 4th"]
[Site "Niteroi"]
[Date "2024.08.30"]
[Round "4"]
[White "Cunha, Rodrigo Azalim"]
[Black "Kanzler, Karina Daniela Ferr"]
[Result "1/2-1/2"]
[WhiteElo "1624"]
[BlackElo "1874"]
[PlyCount "119"]
[EventDate "2024.08.28"]
[EventType "swiss"]
[EventRounds "7"]
[EventCountry "BRA"]
[SourceTitle "CBM 221 Extra"]
[Source "ChessBase"]
[SourceDate "2024.09.30"]
[SourceVersion "1"]
[SourceVersionDate "2024.09.30"]
[SourceQuality "1"]

1. e4 c6 2. d4 d5 3. Nc3 dxe4 4. Nxe4 Nf6 5. Nxf6+ exf6 6. c3 Bd6 7. Bd3 Be6 8. Ne2 Qc7 9. Qc2 Nd7 10. Be3 h6 11. h3 0-0 12. 0-0 c5 13. Rad1 Nb6 14. dxc5 Bxc5 15. Bxc5 Qxc5 16. Rd2 Qg5 17. Ng3 Rac8 18. Rfd1 Kh8 19. a3 a5 20. Be4 Rb8 21. Rd6 Nc4 22. R6d4 b5 23. Bd5 Nb6 24. Bc6 Qc5 25. Be4 a4 26. Qc1 f5 27. Bc2 Nc4 28. Rh4 Kh7 29. Rh5 Qb6 30. Nxf5 Bxf5 31. Rxf5 Kg8 32. Rfd5 Qe6 33. b3 axb3 34. Bxb3 Na5 35. Bc2 Nc4 36. a4 bxa4 37. Bxa4 Nb2 38. Bd7 Qe4 39. Bf5 Qe7 40. Re1 Qc7 41. Rd7 Qc5 42. Bg4 Na4 43. Ree7 Nxc3 44. Rc7 Qd6 45. Red7 Rb1 46. Qxb1 Qxc7 47. Rxc7 Nxb1 48. Rc8 Nd2 49. Rxf8+ Kxf8 50. f4 Ke7 51. Kf2 Kd6 52. Ke3 Nb3 53. Be2 Nc5 54. Bc4 f5 55. g4 fxg4 56. hxg4 Nd7 57. Be2 Nf6 58. Bf3 Nd7 59. Ke4 Ke6 60. Kd4 1/2-1/2

[Event "Niteroi op 4th"]
[Site "Niteroi"]
[Date "2024.08.29"]
[Round "3"]
[White "Kanzler, Karina Daniela Ferr"]
[Black "Baptista, Andre Kemper"]
[Result "0-1"]
[WhiteElo "1874"]
[BlackElo "1913"]
[PlyCount "72"]
[EventDate "2024.08.28"]
[EventType "swiss"]
[EventRounds "7"]
[EventCountry "BRA"]
[SourceTitle "CBM 221 Extra"]
[Source "ChessBase"]
[SourceDate "2024.09.30"]
[SourceVersion "1"]
[SourceVersionDate "2024.09.30"]
[SourceQuality "1"]

1. Nf3 d5 2. b3 e6 3. Bb2 Nf6 4. e3 Be7 5. Be2 0-0 6. 0-0 Nbd7 7. d3 b6 8. Nbd2 Bb7 9. Ne5 Nxe5 10. Bxe5 Nd7 11. Bb2 Bf6 12. Bxf6 Qxf6 13. d4 Rfc8 14. f4 c5 15. c3 cxd4 16. cxd4 Qf5 17. Rf3 Qc2 18. Qe1 Qb2 19. Bd3 Nf6 20. Nf1 Qc3 21. Qd1 Ne4 22. Rh3 Rc7 23. Rb1 Rac8 24. Bxe4 dxe4 25. Qh5 h6 26. Rg3 Kf8 27. f5 exf5 28. Qxf5 Qd3 29. Re1 Rc1 30. Qg4 Rxe1 31. Qxg7+ Ke7 32. Qe5+ Kd7 33. Qf5+ Kc7 34. Qe5+ Kc6 35. Qf6+ Kb5 36. Qe5+ Ka6 0-1

[Event "BRA-ch (Women) 62nd"]
[Site "Timbo"]
[Date "2023.11.02"]
[Round "6"]
[White "Kanzler, Karina Daniela Ferr"]
[Black "Da Costa, Mariana Nara Santan"]
[Result "1-0"]
[WhiteElo "1830"]
[BlackElo "1531"]
[PlyCount "83"]
[EventDate "2023.10.29"]
[EventType "swiss"]
[EventRounds "9"]
[EventCountry "BRA"]
[SourceTitle "CBM 217 Extra"]
[Source "ChessBase"]
[SourceDate "2024.01.31"]
[SourceVersion "1"]
[SourceVersionDate "2024.01.31"]
[SourceQuality "1"]

1. Nf3 d5 2. b3 c5 3. Bb2 Nc6 4. e3 Bg4 5. Bb5 Rc8 6. h3 Bh5 7. Bxc6+ Rxc6 8. g4 Bg6 9. Ne5 Rc8 10. Qe2 a6 11. d3 e6 12. Nd2 Nf6 13. h4 h6 14. Nxg6 fxg6 15. 0-0-0 Qa5 16. Kb1 Qb4 17. f4 a5 18. e4 d4 19. Nc4 Nd7 20. a4 b5 21. Ba3 Qc3 22. Bc1 bxc4 23. dxc4 Qb4 24. e5 Rb8 25. Ka2 Qb7 26. Qd3 Kf7 27. h5 gxh5 28. gxh5 Ke7 29. Rhg1 Qc8 30. Ba3 Qc6 31. Qxd4 Ke8 32. Qd3 Kd8 33. Rg6 Kc7 34. Qc3 Rb6 35. Qxa5 Qe4 36. Rxd7+ Kxd7 37. Qxb6 Qxc2+ 38. Bb2 Qf5 39. a5 Be7 40. Qb7+ Ke8 41. Qc8+ Bd8 42. Rxe6+ 1-0

[Event "Sao Paulo Carnaval op"]
[Site "Sao Paulo"]
[Date "2020.02.24"]
[Round "6"]
[White "Da Rosa, Henrique Jaze Simoe"]
[Black "Kanzler, Karina Daniela Ferr"]
[Result "0-1"]
[WhiteElo "1729"]
[BlackElo "1874"]
[PlyCount "96"]
[EventDate "2020.02.22"]
[EventType "swiss"]
[EventRounds "7"]
[EventCountry "BRA"]
[SourceTitle "CBM 195 Extra"]
[Source "ChessBase"]
[SourceDate "2020.05.31"]
[SourceVersion "1"]
[SourceVersionDate "2020.05.31"]
[SourceQuality "1"]

1. Nf3 Nf6 2. c4 e6 3. g3 b6 4. Bg2 Bb7 5. 0-0 d5 6. cxd5 Nxd5 7. b3 Be7 8. Bb2 0-0 9. d4 Nf6 10. Nc3 Nbd7 11. Re1 Ne4 12. Qd3 Nxc3 13. Bxc3 c5 14. e4 Nf6 15. Rad1 Qc7 16. e5 Nd5 17. dxc5 Qxc5 18. Bd4 Qa3 19. Qb1 Rac8 20. Bb2 Qa5 21. Nd2 b5 22. Ne4 Ba8 23. Rc1 Rcd8 24. Red1 h6 25. h3 b4 26. Qa1 Qb6 27. Bd4 Qb8 28. Kh2 a5 29. Qb2 f5 30. exf6 Nxf6 31. Be5 Qb6 32. Bc7 Qa7 33. Nxf6+ Bxf6 34. Qc2 Rxd1 35. Rxd1 Bxg2 36. Kxg2 Bd4 37. Bf4 e5 38. Qc4+ Kh8 39. Rd2 Bc3 40. Be3 Qa8+ 41. Kg1 Bxd2 42. Bxd2 Rd8 43. Qe2 Qd5 44. Be1 e4 45. h4 Qd3 46. Qb2 e3 47. fxe3 Qxe3+ 48. Bf2 Rd1+ 0-1

[Event "Santa Catarina-ch (Women)"]
[Site "Lages"]
[Date "2020.02.14"]
[Round "1"]
[White "Kanzler, Karina Daniela Ferr"]
[Black "Campagnolo, Bruna1"]
[Result "0-1"]
[WhiteElo "1874"]
[BlackElo "1243"]
[PlyCount "128"]
[EventDate "2020.02.14"]
[EventType "swiss"]
[EventRounds "6"]
[EventCountry "BRA"]
[SourceTitle "CBM 195 Extra"]
[Source "ChessBase"]
[SourceDate "2020.05.31"]
[SourceVersion "1"]
[SourceVersionDate "2020.05.31"]
[SourceQuality "1"]

1. Nf3 Nf6 2. b3 d5 3. Bb2 Bf5 4. e3 e6 5. Be2 Bd6 6. d3 c5 7. Nbd2 Nc6 8. Nh4 Bg6 9. Nxg6 hxg6 10. h3 Qe7 11. Bf3 0-0-0 12. e4 Be5 13. Bxe5 Nxe5 14. Qe2 Nc6 15. c3 Qd6 16. 0-0-0 Rhe8 17. Rhe1 Ne5 18. Kc2 Kb8 19. g4 Nxf3 20. Nxf3 Qa6 21. a4 dxe4 22. dxe4 Qxe2+ 23. Rxe2 Rxd1 24. Kxd1 Rd8+ 25. Kc2 Kc7 26. Ne5 Rf8 27. f3 Nd7 28. Nc4 a6 29. f4 b5 30. axb5 axb5 31. Nd2 e5 32. f5 gxf5 33. exf5 f6 34. Ne4 Kc6 35. Rd2 Rh8 36. Rd6+ Kc7 37. Rd3 Ra8 38. Kb2 c4 39. Rd5 Kc6 40. Rd6+ Kc7 41. Rd2 Nb6 42. b4 Rh8 43. Nf2 Kc6 44. Re2 Nd5 45. Re1 Nf4 46. Ra1 Nd3+ 47. Nxd3 cxd3 48. Rh1 e4 49. Kc1 e3 50. h4 Kd5 51. h5 Kc4 52. Kb2 e2 53. g5 Rxh5 54. gxf6 gxf6 55. Rxh5 e1Q 56. Rh8 Qxc3+ 57. Ka2 Qb3+ 58. Ka1 Kxb4 59. Rb8 Qa3+ 60. Kb1 d2 61. Rd8 Qb3+ 62. Ka1 d1Q+ 63. Rxd1 Qxd1+ 64. Ka2 Kc3 0-1

[Event "Florianopolis op 6th"]
[Site "Florianopolis"]
[Date "2020.01.26"]
[Round "10"]
[White "Kanzler, Karina Daniela Ferr"]
[Black "Souza Neves, Andrey Marcelo"]
[Result "0-1"]
[WhiteElo "1867"]
[BlackElo "2068"]
[PlyCount "75"]
[EventDate "2020.01.20"]
[EventType "swiss"]
[EventRounds "10"]
[EventCountry "BRA"]
[SourceTitle "CBM 194 Extra"]
[Source "ChessBase"]
[SourceDate "2020.03.31"]
[SourceVersion "1"]
[SourceVersionDate "2020.03.31"]
[SourceQuality "1"]

1. Nf3 d5 2. b3 Nf6 3. Bb2 g6 4. e3 Bg7 5. Be2 0-0 6. 0-0 c5 7. d3 Nc6 8. Nbd2 d4 9. e4 Nh5 10. Ne1 Nf4 11. Bg4 e5 12. Bxc8 Rxc8 13. Qf3 Qe7 14. a4 Bh6 15. Nc4 f5 16. Ba3 b6 17. Bc1 Rc7 18. Kh1 Qg7 19. g3 Nh3 20. exf5 Bxc1 21. Rxc1 gxf5 22. Qh5 Qg4 23. Qxg4+ fxg4 24. Kg2 Rcf7 25. f3 Ng5 26. Nd2 h5 27. Rd1 Nb4 28. Rc1 Nd5 29. Nc4 gxf3+ 30. Kh1 Ne3 31. Nd2 Nxf1 32. Nxf1 f2 33. Ng2 Rf3 34. h3 Re8 35. c3 e4 36. cxd4 cxd4 37. dxe4 Rxe4 38. Rc2 0-1

[Event "Rio de Janeiro Duchamp op 3rd"]
[Site "Rio de Janeiro"]
[Date "2019.12.08"]
[Round "3"]
[White "De Carvalho, Jose Jorge"]
[Black "Kanzler, Karina Daniela Ferr"]
[Result "1-0"]
[WhiteElo "2149"]
[BlackElo "1875"]
[PlyCount "107"]
[EventDate "2019.12.07"]
[EventType "swiss"]
[EventRounds "9"]
[EventCountry "BRA"]
[SourceTitle "EXT 2021"]
[Source "ChessBase"]
[SourceDate "2020.10.23"]
[SourceVersion "1"]
[SourceVersionDate "2020.10.23"]
[SourceQuality "1"]

1. e4 e5 2. Nf3 Nc6 3. Bc4 Bc5 4. c3 Nf6 5. d3 0-0 6. 0-0 a6 7. Bb3 d6 8. h3 Be6 9. Bc2 Bb6 10. d4 exd4 11. Nxd4 Nxd4 12. cxd4 d5 13. e5 Nd7 14. Be3 Qh4 15. Nd2 f5 16. f4 Qe7 17. Nf3 h6 18. Bb3 g5 19. g3 gxf4 20. gxf4 Kh7 21. Kh2 Rg8 22. Rg1 Rxg1 23. Qxg1 Rg8 24. Qf2 Nb8 25. Bc2 Nc6 26. Rd1 Qf7 27. Qh4 Qe7 28. Qh5 Qf8 29. Ng5+ Rxg5 30. fxg5 Nxe5 31. Rg1 Ng6 32. gxh6 Qf6 33. Kh1 c5 34. Bd3 cxd4 35. Bg5 Qf7 36. Bd2 Bc7 37. Rf1 Qd7 38. Rg1 Qf7 39. Rf1 Qd7 40. Bxf5 Bxf5 41. Qxf5 Qxf5 42. Rxf5 Be5 43. Rf7+ Kh8 44. Rxb7 d3 45. Bg5 Nf4 46. Bxf4 Bxf4 47. Rd7 d2 48. Rxd5 Bxh6 49. Rd7 a5 50. Kg2 a4 51. Kf3 Kg8 52. Ke2 Kf8 53. Ra7 Bg7 54. Rxg7 1-0

[Event "Florianopolis Winter op 5th"]
[Site "Florianopolis"]
[Date "2019.08.30"]
[Round "2"]
[White "Piccoli, Lucas Fonseca"]
[Black "Kanzler, Karina Daniela Ferr"]
[Result "1-0"]
[WhiteElo "2104"]
[BlackElo "1914"]
[PlyCount "137"]
[EventDate "2019.08.30"]
[EventType "swiss"]
[EventRounds "7"]
[EventCountry "BRA"]
[SourceTitle "EXT 2020"]
[Source "ChessBase"]
[SourceDate "2019.10.17"]
[SourceVersion "1"]
[SourceVersionDate "2019.10.17"]
[SourceQuality "1"]

1. g3 e5 2. c4 Nf6 3. Bg2 Nc6 4. Nc3 Bc5 5. Nf3 d6 6. 0-0 a6 7. d3 h6 8. a3 Rb8 9. b4 Bb6 10. Na4 Ba7 11. b5 axb5 12. cxb5 Nd4 13. Nxd4 Bxd4 14. Rb1 Be6 15. e3 Ba7 16. b6 Bxb6 17. Nxb6 cxb6 18. Qa4+ Nd7 19. f4 exf4 20. gxf4 Qh4 21. Qd4 Nf6 22. e4 0-0 23. f5 Bd7 24. Bf4 Rbc8 25. Bxd6 Rfe8 26. Bg3 Qg4 27. Rf4 Qe2 28. Rf2 Qg4 29. Bf3 Qg5 30. e5 Bxf5 31. exf6 Red8 32. Qf4 Qxf6 33. Be4 Bxe4 34. Qxf6 gxf6 35. dxe4 Ra8 36. Rf3 Rd4 37. Rxb6 Rxe4 38. Rxb7 Re6 39. Rb8+ Rxb8 40. Bxb8 Ra6 41. Bf4 h5 42. Bd2 Kg7 43. Rg3+ Kh7 44. Bb4 Ra8 45. Kf2 Rc8 46. Rc3 Re8 47. a4 Re4 48. Rb3 h4 49. a5 Rc4 50. a6 Rc2+ 51. Kf1 Rc7 52. Ra3 Ra7 53. Bc5 Ra8 54. a7 Kg6 55. Rb3 Rc8 56. Bd6 Ra8 57. Bb8 f5 58. Kf2 Kg5 59. Kf3 f6 60. h3 f4 61. Bxf4+ Kf5 62. Be3 Rg8 63. Rb8 Rg3+ 64. Kf2 Rxh3 65. a8Q Rg3 66. Qd5+ Kg4 67. Rg8+ Kh3 68. Rxg3+ hxg3+ 69. Kg1 1-0

[Event "BRA-ch (Women) 58th"]
[Site "Rio de Janeiro"]
[Date "2019.02.17"]
[Round "1.4"]
[White "Kanzler, Karina Daniela Ferr"]
[Black "Tamarozi, Isabelle"]
[Result "0-1"]
[WhiteElo "1913"]
[BlackElo "1937"]
[PlyCount "140"]
[EventDate "2019.02.16"]
[EventType "k.o."]
[EventRounds "4"]
[EventCountry "BRA"]
[SourceTitle "CBM 189 Extra"]
[Source "ChessBase"]
[SourceDate "2019.05.31"]
[SourceVersion "1"]
[SourceVersionDate "2019.05.31"]
[SourceQuality "1"]

1. Nf3 Nf6 2. d4 g6 3. Bg5 Bg7 4. c3 b6 5. Nbd2 Bb7 6. e3 d6 7. Bd3 0-0 8. 0-0 Nbd7 9. e4 h6 10. Bh4 g5 11. Bg3 Nh5 12. Re1 Nxg3 13. hxg3 e6 14. Rc1 Qe7 15. Bb1 e5 16. d5 Bc8 17. Nf1 Re8 18. Ne3 Nf8 19. Nf5 Qf6 20. Nxg7 Kxg7 21. Nh2 Qg6 22. Qd2 g4 23. Nf1 Nh7 24. c4 Ng5 25. b4 Rh8 26. c5 h5 27. cxd6 cxd6 28. Rc7 h4 29. gxh4 Rxh4 30. Ng3 Qh6 31. Kf1 Ba6+ 32. Bd3 Bxd3+ 33. Qxd3 Kg8 34. Ke2 Rh2 35. Rg1 Qf6 36. Nf5 Rh5 37. Rgc1 Kh7 38. Rd7 Nxe4 39. Ng3 Qxf2+ 40. Kd1 Qxg3 41. Qxe4+ Kg8 42. Rcc7 Rh1+ 43. Kc2 Rh2 44. Kb1 Rxg2 45. Rxf7 Rg1+ 46. Kb2 Rg2+ 47. Kb1 Rg1+ 48. Kc2 Rg2+ 49. Kd1 Rg1+ 50. Kd2 Rg2+ 51. Kc1 Rg1+ 52. Kb2 Rg2+ 53. Kc1 Rg1+ 54. Kc2 Rg2+ 55. Kd1 Rg1+ 56. Kd2 Rg2+ 57. Kc1 Rg1+ 58. Kb2 Rg2+ 59. Rc2 Rxc2+ 60. Qxc2 Kxf7 61. Qc7+ Kg8 62. Qxd6 Qf2+ 63. Kb3 Qf3+ 64. Ka4 Qd1+ 65. Kb5 Qd3+ 66. Kc6 Rc8+ 67. Kd7 Qf5+ 68. Qe6+ Qxe6+ 69. dxe6 Ra8 70. e7 Kf7 0-1